Veľkí podnikatelia a slabiny japonského výskumu Vedieť a pohotovo poznávať

Vynikajúce výsledky japonského aplikovaného výskumu a príčiny nedostatkov v pôvodnom základnom výskume. Laboratóriá japonských firiem v zahraničí. Japonský školský systém. Situácia v oblasti vedy a úradov, ako aj vedy a univerzít. Japonskí laureáti Nobelovej ceny. Podmienky pre zlepšenie situácie zá...

Description complète

Enregistré dans:
Détails bibliographiques
Auteur principal: Koryta, J.
Format: Chapitre de livre
Langue:slovaque
Sujets:
Tags: Ajouter un tag
Pas de tags, Soyez le premier à ajouter un tag!

MARC

LEADER 00000naa a2200000 4500
001 r013824
005 20221213123010.7
041 0 |a slo 
044 |a SK 
245 1 0 |a Veľkí podnikatelia a slabiny japonského výskumu  |b Vedieť a pohotovo poznávať  |c J. Koryta 
520 |a Vynikajúce výsledky japonského aplikovaného výskumu a príčiny nedostatkov v pôvodnom základnom výskume. Laboratóriá japonských firiem v zahraničí. Japonský školský systém. Situácia v oblasti vedy a úradov, ako aj vedy a univerzít. Japonskí laureáti Nobelovej ceny. Podmienky pre zlepšenie situácie základného výskumu v Japonsku. 
610 2 0 |a výskum základný 
610 2 0 |a výskum aplikovaný 
610 2 0 |a Japonsko 
610 2 0 |a školstvo 
610 2 0 |a podnikatelia 
100 1 |a Koryta, J.